Hydraulická stabilita distribučných sústav teplej vody : Edícia vedeckých prác,Zošit č.62
Guardado en:
| Autor principal: | |
|---|---|
| Formato: | Libro |
| Lenguaje: | eslovaco |
| Publicado: |
Bratislava :
STU v Bratislave SvF,
2008
|
| Etiquetas: |
Sin Etiquetas, Sea el primero en etiquetar este registro!
|
MARC
| LEADER | 00000nam a22000003a 4500 | ||
|---|---|---|---|
| 001 | stu179584 | ||
| 005 | 20221209143125.8 | ||
| 008 | 090209s2008----xo------------------slo-d | ||
| 020 | |a 978-80-227-2995-6 | ||
| 040 | |a STU |b slo | ||
| 041 | 0 | |a slo | |
| 044 | |a xo | ||
| 100 | 1 | |a Sumec, Andrej |4 aut |9 100 | |
| 245 | 1 | |a Hydraulická stabilita distribučných sústav teplej vody : |b Edícia vedeckých prác,Zošit č.62 | |
| 260 | |a Bratislava : |b STU v Bratislave SvF, |c 2008 | ||
| 300 | |a 182 s | ||
| 996 | |b 284V032884 |c V*2425/DP-731 |l VVS |s P |a 0 |w stu179584_0004 | ||